Climate change vulnerability assessment in Kurichhu ; a case of gangzur and kengkhar, Bhutan. (Record no. 7682)

MARC details
000 -LEADER
fixed length control field 00339nam a22001097a 4500
008 - FIXED-LENGTH DATA ELEMENTS--GENERAL INFORMATION
fixed length control field 190227b ||||| |||| 00| 0 eng d
020 ## - INTERNATIONAL STANDARD BOOK NUMBER
International Standard Book Number 9789998081246
245 ## - TITLE STATEMENT
Title Climate change vulnerability assessment in Kurichhu ; a case of gangzur and kengkhar, Bhutan.
260 ## - PUBLICATION, DISTRIBUTION, ETC.
Place of publication, distribution, etc. Bumthang ;
Name of publisher, distributor, etc. UWICER,
Date of publication, distribution, etc. 2018.
300 ## - PHYSICAL DESCRIPTION
Extent 58 P.
Dimensions 24 cm.
942 ## - Added entry Elements (Koha)
Source of classification or shelving scheme Dewey Decimal Classification
Holdings
Withdrawn status Lost status Source of classification or shelving scheme Damaged status Not for loan Collection code Home library Current library Shelving location Date acquired Serial Enumeration / chronology Total Checkouts Full call number Barcode Date last seen Date last checked out Price effective from Koha item type Total Renewals Copy number Public note
    Dewey Decimal Classification     Main TEST RTC Library RTC Library Main opac 27/02/2019 13466 2 363.7 UGY 30013708 16/09/2022 03/09/2022 27/02/2019 Main      
    Dewey Decimal Classification     Main TEST RTC Library RTC Library Main opac 27/02/2019 13467 1 363.7 UGY 30013307 19/09/2022 09/08/2022 27/02/2019 Main 2    
    Dewey Decimal Classification     Main TEST RTC Library RTC Library Main opac 27/02/2019 18932   363.7 UGY 30020019 26/09/2024   27/02/2019 Main   3 Donated by Madam Kinley (Bsc. Envt, PL)
Royal Thimphu College || All Right Reserved